Famiglia e violenza: aspetti psicosociali
| Autor principal: | |
|---|---|
| Tipo de documento: | Print Libro |
| Lenguaje: | Italiano |
| Publicado: |
Milano
Giuffrè
1984
|
| En: |
Collana di psicologia giuridica e criminale (14)
Año: 1984 |
| Disponibilidad en Tübingen: | Disponible en Tübingen. UB: KB 16 A 901 |
| Verificar disponibilidad: | HBZ Gateway |
| Servicio de pedido Subito: | Pedir ahora. |
MARC
| LEADER | 00000cam a22000002c 4500 | ||
|---|---|---|---|
| 001 | 1089595107 | ||
| 003 | DE-627 | ||
| 005 | 20251224220303.0 | ||
| 007 | tu | ||
| 008 | 900202s1984 xx ||||| 00| ||ita c | ||
| 035 | |a (DE-627)1089595107 | ||
| 035 | |a (DE-576)019595107 | ||
| 035 | |a (DE-599)BSZ019595107 | ||
| 035 | |a (OCoLC)13332968 | ||
| 040 | |a DE-627 |b ger |c DE-627 |e rakwb | ||
| 041 | |a ita | ||
| 082 | 0 | |a 362.82 | |
| 100 | 1 | |a Gulotta, Guglielmo |d 1939- |0 (DE-588)124545246 |0 (DE-627)363411585 |0 (DE-576)165215992 |4 aut | |
| 109 | |a Gulotta, Guglielmo 1939- | ||
| 245 | 1 | 0 | |a Famiglia e violenza |b aspetti psicosociali |c Guglielmo Gulotta |
| 264 | 1 | |a Milano |b Giuffrè |c 1984 | |
| 300 | |a VII, 184 S. | ||
| 336 | |a Text |b txt |2 rdacontent | ||
| 337 | |a ohne Hilfsmittel zu benutzen |b n |2 rdamedia | ||
| 338 | |a Band |b nc |2 rdacarrier | ||
| 490 | 1 | |a Collana di psicologia giuridica e criminale |v 14 | |
| 583 | 1 | |a Archivierung prüfen |c 20200919 |f DE-640 |z 2 |2 pdager | |
| 830 | 0 | |a Collana di psicologia giuridica e criminale |v 14 |9 14 |w (DE-627)167312502 |w (DE-576)014012421 |w (DE-600)445867-9 |7 am | |
| 951 | |a BO | ||
| ELC | |b 1 | ||
| LOK | |0 000 xxxxxcx a22 zn 4500 | ||
| LOK | |0 001 2140255399 | ||
| LOK | |0 003 DE-627 | ||
| LOK | |0 004 1089595107 | ||
| LOK | |0 005 20020606000000 | ||
| LOK | |0 008 900202||||||||||||||||ger||||||| | ||
| LOK | |0 040 |a DE-21 |c DE-627 |d DE-21 | ||
| LOK | |0 852 |a DE-21 | ||
| LOK | |0 852 1 |c KB 16 A 901 |9 00 | ||
| LOK | |0 935 |a krim | ||
| LOK | |0 936ln |a k10.10.2 | ||
| LOK | |0 939 |a 02-02-90 |b l01 | ||
| ORI | |a SA-MARC-krimdoka001.raw | ||
| SIG | |a UB: KB 16 A 901 | ||
